Affrontez l'Alphabet #26 (spécial personnages de film) - Statistiques

Statistiques générales
  • Ce quiz a été pris 112 fois
  • Le résultat moyen est 7 sur 11
Statistiques - réponses
Hint Réponse % Correct
Donne les 2 lettres manquantes dans le nom de ce personnage de Pirates des Caraïbes : Jack S_arro_
PW
100%
Donne les 2 lettres manquantes dans le nom de ce personnage de Scarface : Tony _o_tana
MN
97%
Donne les 2 lettres manquantes dans le nom de ce personnage du Parrain : _it_ Corleone
VO
73%
Donne les 2 lettres manquantes dans le nom de ce personnage de Star Wars : _an _olo
HS
71%
Donne les 2 lettres manquantes dans le nom de ce personnage de Retour vers le Futur : Marty Mc_l_
FY
69%
Donne les 2 lettres manquantes dans le nom de ce personnage des Griffes de la Nuit : Freddy _rue_er
KG
62%
Donne les 2 lettres manquantes dans le nom de ce personnage de Terminator : Sarah _onno_
CR
59%
Donne les 2 lettres manquantes dans le nom de ce personnage de Psychose : Norman _a_es
BT
51%
Donne les 2 lettres manquantes dans le nom de ce personnage d'Alien : Ellen R_pl_y
IE
47%
Donne les 2 lettres manquantes dans le nom de ce personnage de Fight Club : Tyler _ _rden
DU
27%
Dernière Question : Donne la lettre manquante dans le nom de ce personnage de GoldenEye : _enia Onatopp
X
14%
Aucun quiz correspondant
Distribution des résultats
% des personnes avec chaque résultat
Percentile par nombre de réponses
Votre historique - résultats
Vous n’avez pas pris ce quiz